YYZ Runways & Taxiways Quiz - With Map - Statistics

General Stats
  • This quiz has been taken 94 times
  • The average score is 7 of 17
Answers on the Map
Answers color-coded by a green-red scale on the quiz's map according to % correct below.
 
Answer Stats
Answer % Correct
05/23
82%
15R/33L
82%
15L/33R
81%
06L/24R
79%
06R/24L
78%
D
63%
H
51%
D1
21%
D2
21%
D3
19%
D4
19%
D5
19%
H2
19%
H4
19%
D7
18%
D6
16%
H6
15%
No matching quizzes found
Score Distribution
Percent of People with Each Score
Percentile by Number Answered
Your Score History
You have not taken this quiz